000 00642 a2200181 4500
999 _c4969
_d4969
010 _aENG-86597
020 _a9780195685121
_c595.00
035 _aEN-70130
037 _bDBAD / PUB
082 1 4 _a279.30954
100 _aAquil, Raziuddin
245 1 _aSufism, culture and politics :
_bafghans and islam in medieval North India /
_cRaziuddin Aquil
260 _aNew Delhi
_bOxford University Press
_c2007
270 _aYMCA Library Building, Jai Singh Road
_bNew Delhi
_e110 001
300 _axi, 268p
_c22cm (Hb)
500 _aIncludes bibliographical references and index & tables
942 _adpl
_cEN
_2ddc
_h279.30954
_mAQU